Cities Click - Easy - Statistics

General Stats
  • This quiz has been taken 35 times
  • The average score is 22 of 25
Answer Stats
Hint Answer % Correct
New York City New York
97%
Phoenix Arizona
93%
Los Angeles California
93%
Miami Florida
93%
Minneapolis Minnesota
93%
Las Vegas Nevada
93%
Oklahoma City Oklahoma
93%
Nashville Tennessee
93%
Dallas Texas
93%
Seattle Washington
93%
Denver Colorado
90%
Atlanta Georgia
90%
Indianapolis Indiana
90%
Boston Massachusetts
90%
Columbus Ohio
90%
Chicago Illinois
87%
New Orleans Louisiana
87%
Detroit Michigan
87%
Virginia Beach Virginia
87%
Philadelphia Pennsylvania
80%
Charlotte North Carolina
77%
Milwaukee Wisconsin
77%
Birmingham Alabama
73%
Baltimore Maryland
73%
Newark New Jersey
70%
No matching quizzes found
Score Distribution
Percent of People with Each Score
Percentile by Number Answered
Your Score History
You have not taken this quiz